| 000 | 00860nam a22002537a 4500 | ||
|---|---|---|---|
| 999 |
_c471 _d471 |
||
| 001 | 003505 | ||
| 003 | CoMeUDC003505 | ||
| 005 | 20181215162058.0 | ||
| 008 | 130821s2010 ck gr spa | ||
| 020 | _a9789583034770 | ||
| 040 |
_aCo-BoUCM _bspa _cCoMeUDC _d[Nuevo] |
||
| 041 | 0 | 0 | _aspa |
| 082 | 0 | 4 |
_a342 _220 _bV152c |
| 100 | 1 |
_aValencia Villa, Hernando _985821 |
|
| 245 | 1 | 0 |
_aCartas de batalla una crítica del constitucionalismo Colombiano / _cHernando Valencia Villa |
| 260 |
_aBogotá (Colombia) : _bParamericana Editorial , _c2010. |
||
| 300 | _a234 páginas | ||
| 490 | 0 | _aAgenda de hoy | |
| 650 | 0 | 4 |
_aConstituciones _zColombia _931611 |
| 650 | 0 | 4 |
_aDerecho constitucional _912725 |
| 650 | 0 | 4 |
_aDerecho constitucional _zColombia _912726 |
| 651 | 4 |
_aColombia _xPolítica y gobierno _926608 |
|
| 942 |
_cBK _a8 _e1 _mV152c _2ddc _h342 |
||